000
00303nam a2200109Ia 4500
008
220204s9999 xx 000 0 und d
082
_a
NR:339.564(540)
_b
RUB
245
0
_a
Directory of exporters: Natural rubber &rubber products
250
_a
Rev.5
260
_a
Kottayam
_b
Rubber Board
_c
2015
942
_c
BK
999
_c
44699
_d
44699